000 00731nam a2200241 u 4500
005 20240910063934.0
008 141113s1991 es r 000 0 spa d
020 _a8426119247
035 _aUPN01000200717
049 _aI
050 4 _aPZ36.3
_bB7.4 1991
100 1 _aBröger, Achim,
_d1944-
_935632
245 1 0 _aHistoria de Dragolina /
_cAchim Bröger ; il. Gisela Kalow ; tr. Herminia Dauer.
250 _a4a ed.
260 _aBarcelona, Esp. :
_bJuventud,
_c1991.
300 _a[26] p. :
_bil. col.
440 0 _aCuadrada
534 _pTitulo original:
_tIch war einmal
650 4 _aCuentos infantiles alemanes
_98589
650 2 _aDragones
_vLiteratura infantil
_911808
905 _aInfantil
999 _c172818
_d172818